Entrepreneurship Devellopment and Management (Record no. 48)

MARC details
000 -LEADER
fixed length control field 00293nam a22001217a 4500
020 ## - INTERNATIONAL STANDARD BOOK NUMBER
International Standard Book Number 978-81-318-0705-7
041 ## - LANGUAGE CODE
Language code of text/sound track or separate title ENG
100 ## - MAIN ENTRY--PERSONAL NAME
Personal name Singh.A.K
245 ## - TITLE STATEMENT
Title Entrepreneurship Devellopment and Management
250 ## - EDITION STATEMENT
Edition statement 2 edition
260 ## - PUBLICATION, DISTRIBUTION, ETC. (IMPRINT)
Place of publication, distribution, etc Delhi
Name of publisher, distributor, etc University Sclence Press
Date of publication, distribution, etc 2008
300 ## - PHYSICAL DESCRIPTION
Extent 96
Holdings
Withdrawn status Lost status Source of classification or shelving scheme Damaged status Not for loan Home library Current library Shelving location Date acquired Cost, normal purchase price Total Checkouts Barcode Checked out Date last seen Date checked out Price effective from Koha item type
    Dewey Decimal Classification     College of Agricultural Engineering and Technology, Dapoli , Library College of Agricultural Engineering and Technology, Dapoli , Library General Stacks 15/10/2020 85.00 1 007457 15/04/2026 07/04/2026 07/04/2026 15/10/2020 Books

Contact Us: College of Agricultural Engineering and Technology, Dapoli, Dist.- Ratnagiri
Website: https://dbskkv.org Email: caetlibrary2015@gmail.com